Music Quiz

Random Music or Rock Quiz

Find the Scrambled 2010s Singers Quiz Stats

 Plays Quiz not verified by Sporcle

Support Sporcle.
Go Orange.
Score 0/16 Timer 03:00
0 Plays Today
% Correct
Ed Sheeran
96.9%
Adele
96.2%
Justin Bieber
95.4%
Katy Perry
94.3%
Drake
93.6%
Billie Eilish
91.4%
Ariana Grande
91.2%
Cardi B
90.4%
% Correct
Harry Styles
87.1%
Avicii
84.3%
The Weeknd
84.1%
Lizzo
83.5%
Flo Rida
81.8%
Dua Lipa
80.4%
Young Thug
78.5%
King Princess
58.2%

You're not logged in!

Compare scores with friends on all Sporcle quizzes.
OR
Log In

From the Vault

Nursery Rhyme Endings

by Flick

If you've ever tried to tell rain to do anything, you'll know how difficult it is.
Remove Ads.
Support Sporcle.
Get the best of Sporcle when you Go Orange. This ad-free experience offers more features, more stats, and more fun while also helping to support Sporcle. Thank you for becoming a member.

Show Comments

Extras

Top Quizzes Today


Score Distribution

Your Account Isn't Verified!

In order to create a playlist on Sporcle, you need to verify the email address you used during registration. Go to your Sporcle Settings to finish the process.

Report this User

Report this user for behavior that violates our Community Guidelines.

Details: